| 000 | 005320000a22001930004500 | ||
|---|---|---|---|
| 001 | 003408 | ||
| 003 | MACL | ||
| 005 | 20150729144936.0 | ||
| 008 | 150729b xxu||||| |||| 00| 0 eng d | ||
| 040 |
_aMACL _cMACL |
||
| 041 | _aEnglish | ||
| 082 | _a320/GON | ||
| 100 |
_aGoon, Atindra Mohan` _93212 |
||
| 245 |
_aPolitics Culture And Society _bCollection Of Essays In Memory Of S.M. Ganguly _cAtindra Mohan` Goon |
||
| 260 |
_aKolkata _c2005 _bNew Age, |
||
| 350 | _a650 | ||
| 650 |
_aPolitical Science _988 |
||
| 942 |
_k320 _cBK _2ddc |
||
| 999 |
_c15309 _d15309 |
||